Mluvící balík /

Hlavní autor: Durrell, Gerald Malcolm, 1925-1995
Další autoři: Born, Adolf, 1930-2016, Fröhlich, František, 1934-2014
Jazyk: Čeština
Vydáno: Praha : Knižní klub, 2013
Vydání: Vyd. v KK 1.
Témata:
Fyzický popis: 195 s. : barev. il. ; 25 cm
Knihy
Uloženo v:
LEADER 01684nam a2200457 a 4500
001 nkc20132482627
003 CZ PrNK
005 20140204132154.0
007 ta
008 130812s2013 xr a b 000 f cze
015 |a cnb002482627 
020 |a 978-80-242-4181-4  |q (váz.) 
035 |a (OCoLC)867819184 
040 |a BOA001  |b cze 
041 1 |a cze  |h eng 
072 7 |a 821.111-3  |x Anglická próza, anglicky psaná  |2 Konspekt  |9 25 
072 7 |a 821-93  |x Literatura pro děti a mládež (beletrie)  |2 Konspekt  |9 26 
080 |a 821.111-31  |2 MRF 
080 |a 821-93  |2 MRF 
080 |a (0:82-311.3)  |2 MRF 
100 1 |a Durrell, Gerald Malcolm,  |d 1925-1995  |7 jn19981000804  |4 aut 
240 1 0 |a Talking parcel.  |l Česky  |7 aun2009515853 
245 1 0 |a Mluvící balík /  |c Gerard Durrell ; ilustroval Adolf Born ; [z anglického originálu ... přeložil František Fröhlich] 
250 |a Vyd. v KK 1. 
260 |a Praha :  |b Knižní klub,  |c 2013 
300 |a 195 s. :  |b barev. il. ;  |c 25 cm 
521 8 |a Pro čtenáře od 8 let 
655 7 |a anglické romány  |7 fd131814  |2 czenas 
655 7 |a dobrodružné romány  |7 fd132061  |2 czenas 
655 7 |a publikace pro děti  |7 fd133156  |2 czenas 
655 9 |a English fiction  |2 eczenas 
655 9 |a adventure novels  |2 eczenas 
655 9 |a children's literature  |2 eczenas 
700 1 |a Born, Adolf,  |d 1930-2016  |7 jk01012660  |4 ill 
700 1 |a Fröhlich, František,  |d 1934-2014  |7 jk01032000  |4 trl 
910 2 |a BOA001  |b 2-1312.633 
928 9 |a Euromedia Group - Knižní klub 
990 |a BK 
995 |a 01 
991 |b 201312  |e db 
996 6 |b 2610570975  |c 2-1312.633  |l MZK  |r Sklad / do 1 hodiny  |n 0  |p p.v.  |w 001385221  |u 000010  |a 1  |e BOA001  |j MZK50  |s P